Sports Quiz

Random Sports or Soccer Quiz

Champions League XIs: Sevilla Quiz Stats

 Plays Quiz not verified by Sporcle

Challenge
Share
Tweet
Embed
Score 0/48 Timer 10:00
0 Plays Today
Hint Answer % Correct
2016/17Sergio Rico
75.2%
2007/8Frédéric Kanouté
74.1%
2009/10Frédéric Kanouté
74.1%
2007/8Luis Fabiano
72.9%
2009/10Luis Fabiano
72.9%
2015/16Sergio Rico
72.9%
2007/8Dani Alves
72.3%
2015/16Unai Emery
71.7%
2007/8Andrés Palop
69.3%
2009/10Andrés Palop
69.3%
2016/17Steven N'Zonzi
69.2%
2015/16Kevin Gameiro
66.3%
2016/17Vitolo
65.8%
2015/16Vitolo
65.1%
2007/8Jesús Navas
64.5%
2009/10Jesús Navas
64.5%
2015/16Steven N'Zonzi
64.5%
2016/17Jorge Sampaoli
64.1%
2015/16Adil Rami
63.3%
2016/17Adil Rami
63.2%
2016/17Samir Nasri
59.8%
2007/8Julien Escudé
54.2%
2009/10Julien Escudé
54.2%
2015/16Éver Banega
54.2%
Hint Answer % Correct
2015/16Coke
51.8%
2016/17Mariano
50.4%
2016/17Luciano Vietto
46.2%
2015/16Grzegorz Krychowiak
45.8%
2016/17Sergio Escudero
43.6%
2016/17Nico Pareja
41%
2007/8Adriano Correia
40.4%
2009/10Fernando Navarro
40.4%
2015/16Benoît Trémoulinas
39.2%
2016/17Franco Vázquez
38.5%
2009/10Renato
38%
2016/17Gabriel Mercado
37.6%
2007/8Diego Capel
31.9%
2009/10Diego Capel
31.9%
2015/16Timothée Kolodziejczak
31.9%
2007/8Ivica Dragutinović
29.5%
2007/8Seydou Keita
28.3%
2007/8Manolo Jiménez
25.9%
2009/10Manolo Jiménez
25.9%
2007/8Christian Poulsen
25.3%
2009/10Sébastien Squillaci
25.3%
2015/16Yehven Konoplyanka
23.5%
2009/10Didier Zokora
21.1%
2009/10Abdoulay Konko
13.9%

You're not logged in!

Compare scores with friends on all Sporcle quizzes.
Join for Free
OR
Log In

You Might Also Like...

Show Comments

Extras

Top Quizzes Today


Score Distribution

Your Account Isn't Verified!

In order to create a playlist on Sporcle, you need to verify the email address you used during registration. Go to your Sporcle Settings to finish the process.

Report this User

Report this user for behavior that violates our Community Guidelines.

Details: